[Event "Airthings Masters - Torneo Preliminare"]
[Site "Internet"]
[Date "03.02.2023"]
[Round "5"]
[White "Chigaev, Maksim"]
[Black "Ibarra Jerez, Jose Carlos"]
[Result "0-1"]
[WhiteTitle ""]
[BlackTitle ""]
[WhiteElo "2632"]
[BlackElo "2563"]
[WhiteFideId "4108116"]
[BlackFideId "2226332"]
[EventDate "2023.02.03"]

1. e4 c5 2. Nf3 Nc6 3. Bb5 e6 4. Bxc6 bxc6 5. b3 e5 6. O-O d6 7. c3 f5 8. exf5
Bxf5 9. d4 e4 10. dxc5 exf3 11. Qxf3 Ne7 12. Re1 g6 13. Qxc6+ Kf7 14. Qf3 Rc8
15. g4 Rxc5 16. Be3 Re5 17. Nd2 Bg7 18. Nc4 Re6 19. gxf5 Nxf5 20. Bxa7 Qg5+ 21.
Kh1 Rhe8 22. Rxe6 Rxe6 23. Ne3 Bxc3 24. Rc1 Bf6 25. Rc7+ Be7 26. Bd4 Ke8 27.
Rc8+ Kf7 28. Bc3 h5 29. Qc6 Bf8 30. Qb7+ Re7 31. Qd5+ Re6 32. Rxf8+ Kxf8 33.
Qxe6 Nxe3 34. Qe5 dxe5 0-1

[Event "Airthings Masters - Torneo Preliminare"]
[Site "Internet"]
[Date "03.02.2023"]
[Round "5"]
[White "Vidit, Santosh Gujrathi"]
[Black "Kravtsiv, Martyn"]
[Result "0-1"]
[WhiteTitle ""]
[BlackTitle ""]
[WhiteElo "2730"]
[BlackElo "2598"]
[WhiteFideId "5029465"]
[BlackFideId "14113147"]
[EventDate "2023.02.03"]

1. e4 e5 2. Nf3 Nc6 3. Bc4 Nf6 4. d3 Bc5 5. O-O O-O 6. c3 d5 7. exd5 Nxd5 8. Re1
Bg4 9. h3 Bh5 10. a4 Nb6 11. Bb5 Nd7 12. b4 Bd6 13. a5 a6 14. Bc4 Kh8 15. Nbd2
f5 16. Be6 Qe8 17. Qb3 Rf6 18. Bd5 Ne7 19. Bc4 h6 20. Bb2 Ng6 21. g3 Ne7 22. Nh2
Qf8 23. Be6 Nb8 24. d4 Rxe6 25. Qxe6 Bf7 26. dxe5 Bxb4 27. Qxf7 Qxf7 28. e6 Qg6
29. cxb4 f4 30. g4 Qc2 31. Ra2 Kg8 32. Nhf3 Nbc6 33. Rc1 Qg6 34. Re1 Nxb4 35.
Ra4 Nd3 36. Ne5 Qe8 37. Ree4 Nxb2 38. Rab4 Nd1 39. Rxb7 Rd8 40. Nd7 Rxd7 41.
exd7 Qxd7 42. Nf3 Nc3 43. Re5 Nc6 44. Re1 Nb5 45. Rc1 Kh7 46. Kg2 Qd5 0-1

[Event "Airthings Masters - Torneo Preliminare"]
[Site "Internet"]
[Date "03.02.2023"]
[Round "5"]
[White "Blomqvist, Erik"]
[Black "Grover, Sahaj"]
[Result "1-0"]
[WhiteTitle ""]
[BlackTitle ""]
[WhiteElo "2510"]
[BlackElo "2509"]
[WhiteFideId "1709437"]
[BlackFideId "5021103"]
[EventDate "2023.02.03"]

1. e4 c5 2. Nf3 Nc6 3. Bb5 e5 4. O-O Bd6 5. d4 Nxd4 6. Bc4 Nf6 7. Ng5 O-O 8. c3
b5 9. Bxf7+ Rxf7 10. Nxf7 Kxf7 11. cxd4 cxd4 12. Qb3+ Kf8 13. Qxb5 a5 14. Re1
Ba6 15. Qa4 Ng4 16. h3 Nxf2 17. Qb3 Qf6 18. Qg3 Nxe4 19. Rxe4 Qf1+ 20. Kh2 Qxc1
21. Re1 Qc6 22. Kh1 Kg8 23. Nd2 Re8 24. Rac1 Qb6 25. Ne4 Bf8 26. Qg4 d5 27. Ng5
h6 28. Qd7 Qd8 29. Qf7+ Kh8 30. Ne6 Rxe6 31. Qxe6 Bd3 32. Qxe5 Be4 33. Qxd4 Qd7
34. Rxe4 1-0

[Event "Airthings Masters - Torneo Preliminare"]
[Site "Internet"]
[Date "03.02.2023"]
[Round "5"]
[White "Le, Quang Liem"]
[Black "Andreikin, Dmitry"]
[Result "1/2-1/2"]
[WhiteTitle ""]
[BlackTitle ""]
[WhiteElo "2728"]
[BlackElo "2729"]
[WhiteFideId "12401137"]
[BlackFideId "4158814"]
[EventDate "2023.02.03"]

1. d4 Nf6 2. Nf3 e6 3. c4 b6 4. g3 Bb7 5. Bg2 Be7 6. O-O O-O 7. Nc3 Ne4 8. Bd2
Bf6 9. Be1 c5 10. Rc1 d6 11. Qd3 Nxc3 12. Bxc3 Nc6 13. d5 Nb4 14. Bxb4 cxb4 15.
Qd2 a5 16. dxe6 fxe6 17. Rfd1 Rc8 18. Nd4 Bxg2 19. Kxg2 Qd7 20. Qe3 Bxd4 21.
Rxd4 Rc5 22. Rcd1 Qc6+ 23. Qe4 Rc8 24. b3 Qxe4+ 25. Rxe4 d5 26. Rxe6 dxc4 27.
bxc4 Rxc4 28. Rxb6 Rc2 29. Rd7 Kh8 30. Ra7 Rxa2 31. Rxb4 Rxe2 32. Rbb7 Rg8 33.
Rxa5 h6 34. Rf7 Ree8 35. Raf5 Kh7 36. h4 Re6 37. h5 Rge8 38. Ra7 R6e7 39. Raa5
Rd7 40. g4 Rc7 41. Kg3 Ree7 42. Ra8 Rf7 43. Rxf7 Rxf7 44. f4 Rb7 45. Ra6 Rb3+
46. Kf2 Rb4 47. Ke3 Rb3+ 48. Ke2 Rb4 49. Kf3 Rb3+ 50. Kg2 Rb4 51. Kg3 Rb3+ 52.
Kh4 Rb4 53. f5 Rb3 54. f6 gxf6 55. Rxf6 Ra3 56. Rf2 Kg7 57. Rg2 Rb3 58. Rg3 Rb2
59. Rc3 Rb4 60. Rc7+ Kg8 61. Rc3 Kg7 62. Kg3 Ra4 63. Rc7+ Kg8 64. Re7 Rb4 65.
Kf3 Ra4 66. Re4 Ra1 67. Kf4 Kf7 68. Rb4 Rf1+ 69. Ke5 Re1+ 70. Re4 Rxe4+ 71. Kxe4
Ke6 72. Kd4 Kf6 73. Ke3 Ke7 74. Kd3 Kf6 75. Ke4 Ke6 76. Kf4 Kf6 77. g5+ hxg5+
78. Kg4 Kg7 79. Kxg5 Kh7 80. h6 Kh8 81. Kg6 Kg8 82. h7+ Kh8 83. Kh6 1/2-1/2

[Event "Airthings Masters - Torneo Preliminare"]
[Site "Internet"]
[Date "03.02.2023"]
[Round "5"]
[White "Tristan, Leonardo"]
[Black "Kozak, Adam"]
[Result "0-1"]
[WhiteTitle ""]
[BlackTitle ""]
[WhiteElo "2545"]
[BlackElo "2564"]
[WhiteFideId "113816"]
[BlackFideId "753246"]
[EventDate "2023.02.03"]

1. d4 Nf6 2. Nf3 d5 3. Bf4 e6 4. e3 c5 5. Nbd2 Nc6 6. c3 Nh5 7. Bg5 f6 8. Bh4 g6
9. dxc5 Bxc5 10. b4 Be7 11. b5 Ne5 12. Nxe5 fxe5 13. Bxe7 Qxe7 14. Nf3 e4 15.
Qd4 O-O 16. Ne5 Ng7 17. g4 Qf6 18. Be2 b6 19. f4 exf3 20. O-O f2+ 21. Kg2 Ne8
22. Nc6 Bb7 23. Ne5 Nd6 24. Nd7 Qh4 25. Nxf8 Rxf8 26. Bf3 Ne4 27. Bxe4 Qxg4+ 28.
Kh1 dxe4 29. Qd1 Qh3 30. Qe2 Qf3+ 31. Qxf3 Rxf3 32. Rad1 Bd5 33. Kg2 Rxe3 34. c4
Bxc4 35. Rd8+ Kg7 36. Rd7+ Kh6 37. Rxf2 Bd5 38. Rff7 Rc3 39. Rxh7+ Kg5 40. Kf2
e3+ 41. Ke2 Bc4+ 42. Kf3 e2+ 43. Kf2 Rc1 44. h4+ Kf6 45. Rhf7+ Ke5 0-1

[Event "Airthings Masters - Torneo Preliminare"]
[Site "Internet"]
[Date "03.02.2023"]
[Round "5"]
[White "Grandelius, Nils"]
[Black "Matinian, Nikita"]
[Result "1-0"]
[WhiteTitle ""]
[BlackTitle ""]
[WhiteElo "2660"]
[BlackElo "2407"]
[WhiteFideId "1710400"]
[BlackFideId "24129100"]
[EventDate "2023.02.03"]

1. e4 d6 2. d4 g6 3. Bc4 Bg7 4. Nf3 Nf6 5. Qe2 c6 6. e5 Nd5 7. h3 O-O 8. O-O Be6
9. Bb3 Nd7 10. c4 Nc7 11. Nc3 dxe5 12. dxe5 Na6 13. Bf4 Nac5 14. Bc2 a5 15. b3
Qb6 16. Be3 Qc7 17. Bd4 b6 18. Rfe1 Rad8 19. Rad1 f6 20. Na4 fxe5 21. Nxc5 bxc5
22. Ba1 Bf6 23. Nxe5 Nxe5 24. Bxe5 Bxe5 25. Qxe5 Qxe5 26. Rxe5 Rxd1+ 27. Bxd1
Rd8 28. Bf3 Kf7 29. Rxc5 a4 30. bxa4 Rd2 31. Bxc6 Rxa2 32. a5 Ra1+ 33. Kh2 Ra2
34. Kg3 h5 35. h4 Ra3+ 36. f3 Ra2 37. Bb7 Bf5 38. a6 Bd3 39. Kf4 Kf6 40. g4 hxg4
41. fxg4 Ra4 42. g5+ Kg7 43. Ke5 Bxc4 44. Rxc4 Rxc4 45. a7 Rc5+ 46. Ke6 Ra5 47.
a8=Q Rxa8 48. Bxa8 Kf8 49. Be4 Kg7 50. Kxe7 Kh7 51. Kf6 Kh8 52. Kxg6 Kg8 53. Kh6
Kh8 54. g6 Kg8 55. Bd5+ Kh8 56. g7# 1-0

[Event "Airthings Masters - Torneo Preliminare"]
[Site "Internet"]
[Date "03.02.2023"]
[Round "5"]
[White "Kramnik, Vladimir"]
[Black "Caruana, Fabiano"]
[Result "1/2-1/2"]
[WhiteTitle ""]
[BlackTitle ""]
[WhiteElo "2753"]
[BlackElo "2766"]
[WhiteFideId "4101588"]
[BlackFideId "2020009"]
[EventDate "2023.02.03"]

1. Nf3 Nf6 2. c4 c5 3. g3 Nc6 4. Bg2 d5 5. cxd5 Nxd5 6. d4 cxd4 7. Nxd4 Ndb4 8.
a3 Qxd4 9. axb4 Qxd1+ 10. Kxd1 e5 11. b5 Nd4 12. Be3 Bc5 13. Nd2 O-O 14. Ne4 Bb6
15. Bxd4 Rd8 16. Kc2 exd4 17. Kd2 Be6 18. Rhc1 Rd5 19. b4 Rxb5 20. Nc5 Rxb4 21.
Nxe6 fxe6 22. Bxb7 Rf8 23. Rc8 d3 24. Rxf8+ Kxf8 25. Kxd3 Bxf2 26. Ba6 Ke7 27.
Bc4 Bb6 28. Kc3 a5 29. Ra3 Rb1 30. Rb3 Rc1+ 31. Kd3 Rd1+ 32. Kc2 Rd6 33. Rd3 Rc6
34. Kb3 Rc5 35. Rc3 Rh5 36. h4 Bd4 37. Rd3 Bc5 38. Ka4 Bf2 39. Rf3 Bd4 40. Rf4
Be5 41. Rg4 Rf5 42. Bd3 Rf1 43. Kxa5 g6 44. h5 gxh5 45. Rg5 Bc7+ 46. Kb5 Rg1 47.
Rxh5 Rxg3 48. Kc6 Bf4 49. Rxh7+ Kf6 1/2-1/2

[Event "Airthings Masters - Torneo Preliminare"]
[Site "Internet"]
[Date "03.02.2023"]
[Round "5"]
[White "Williams, Simon K"]
[Black "Gascon Del Nogal, Jose Rafael"]
[Result "0-1"]
[WhiteTitle ""]
[BlackTitle ""]
[WhiteElo "2465"]
[BlackElo "2460"]
[WhiteFideId "404454"]
[BlackFideId "3902463"]
[EventDate "2023.02.03"]

1. d4 Nf6 2. Nc3 d5 3. Bf4 e6 4. Nb5 Na6 5. e3 c6 6. Nc3 Qa5 7. Bd3 Ba3 8. Qc1
Bb4 9. Ne2 Nh5 10. Be5 f6 11. Bg3 Be7 12. a3 O-O 13. b4 Qd8 14. Nf4 Nxf4 15.
Bxf4 e5 16. dxe5 fxe5 17. Bxe5 Bf6 18. Bxf6 Qxf6 19. Qd2 Nc7 20. O-O Bg4 21. Ne2
Ne6 22. f3 Bh5 23. Ng3 Bf7 24. Rae1 h5 25. c3 h4 26. Nf5 h3 27. g3 a5 28. Nd4
Ng5 29. e4 dxe4 30. fxe4 Qd8 31. Rf5 Ne6 32. Rxf7 Rxf7 33. Nxe6 Qb6+ 34. Nd4 Rd7
35. Bc4+ Kh8 36. Qg5 c5 37. Be6 g6 38. Bxd7 cxd4 39. Qe5+ Kh7 40. Qxd4 Qc7 41.
e5 axb4 42. axb4 Ra2 0-1

[Event "Airthings Masters - Torneo Preliminare"]
[Site "Internet"]
[Date "03.02.2023"]
[Round "5"]
[White "Le, Tuan Minh"]
[Black "Nesterov, Arseniy"]
[Result "0-1"]
[WhiteTitle ""]
[BlackTitle ""]
[WhiteElo "2542"]
[BlackElo "2568"]
[WhiteFideId "12401153"]
[BlackFideId "24198455"]
[EventDate "2023.02.03"]

1. d4 Nf6 2. Nf3 c6 3. Bf4 Qb6 4. Qc1 d6 5. h3 h6 6. e3 g5 7. Bh2 Bg7 8. c4 c5
9. Nc3 O-O 10. Be2 Bf5 11. O-O Nc6 12. Rd1 Rac8 13. b3 Rfd8 14. Qb2 a6 15. Rac1
Ne4 16. Nd5 Qa7 17. Bd3 e6 18. Qb1 Nxf2 19. Kxf2 Bxd3 20. Qxd3 exd5 21. cxd5 Nb4
22. Qf5 Nxa2 23. Rc2 Nb4 24. Re2 Qb6 25. h4 cxd4 26. exd4 Qb5 27. Re7 Qxd5 28.
Qg4 Qxb3 29. hxg5 Qxd1 30. gxh6 Qc2+ 31. Kg1 Qc1+ 32. Re1 Qxh6 33. Bf4 Qg6 34.
Qh4 Re8 35. Rf1 Re4 36. Qh3 Rce8 37. Nh4 Qh7 38. Qg3 Nd5 39. Bg5 Qh5 40. Nf5 Rg4
41. Qxd6 Qxg5 42. Qxd5 Bxd4+ 0-1

[Event "Airthings Masters - Torneo Preliminare"]
[Site "Internet"]
[Date "03.02.2023"]
[Round "5"]
[White "Deac, Bogdan-Daniel"]
[Black "Alekseenko, Kirill"]
[Result "1/2-1/2"]
[WhiteTitle ""]
[BlackTitle ""]
[WhiteElo "2700"]
[BlackElo "2686"]
[WhiteFideId "1226380"]
[BlackFideId "4135539"]
[EventDate "2023.02.03"]

1. d4 d5 2. Nf3 Nf6 3. Bf4 c5 4. e3 Nc6 5. c3 e6 6. Nbd2 Be7 7. Bd3 O-O 8. O-O
Nh5 9. Be5 g6 10. Re1 b6 11. e4 Nxe5 12. dxe5 Bb7 13. g3 Ng7 14. Qe2 Qc7 15. Qe3
Rad8 16. Qh6 f5 17. exf6 Bxf6 18. Rad1 Qf7 19. Qe3 Kh8 20. h4 d4 21. cxd4 Bxd4
22. Nxd4 cxd4 23. Qe2 e5 24. Rc1 Nh5 25. Rc2 Rd7 26. Rec1 Qf6 27. Rc7 Rxc7 28.
Rxc7 Bc8 29. Qf3 Qxf3 30. Nxf3 Rxf3 31. Rxc8+ Kg7 32. Be2 Rf7 33. Bc4 Rd7 34.
Bd3 Nf6 35. Kg2 h5 36. f4 Ng4 37. Kf3 Nh2+ 38. Ke2 Ng4 39. a4 Rf7 40. Bc4 Re7
41. Kf3 Nh2+ 42. Kg2 Ng4 43. Bd3 Rf7 44. Bc4 Re7 45. Bd3 Rf7 46. Bc4 Re7 1/2-1/2

[Event "Airthings Masters - Torneo Preliminare"]
[Site "Internet"]
[Date "03.02.2023"]
[Round "5"]
[White "Bortnyk, Olexandr"]
[Black "Hakobyan, Aram"]
[Result "1-0"]
[WhiteTitle ""]
[BlackTitle ""]
[WhiteElo "2605"]
[BlackElo "2620"]
[WhiteFideId "14120828"]
[BlackFideId "13306677"]
[EventDate "2023.02.03"]

1. d4 Nf6 2. Nc3 d5 3. Bf4 c5 4. e4 Nxe4 5. Nxe4 dxe4 6. dxc5 Qa5+ 7. c3 Qxc5 8.
Qa4+ Nc6 9. Qxe4 g6 10. Nf3 Bg7 11. Rd1 O-O 12. Be3 Qf5 13. Qh4 Qg4 14. Qxg4
Bxg4 15. h3 Be6 16. a3 Na5 17. Be2 b6 18. O-O Bc4 19. Rfe1 Rfd8 20. Bd4 e6 21.
Bxg7 Kxg7 22. Rxd8 Rxd8 23. Nd4 Bxe2 24. Rxe2 Rd5 25. f4 Nc4 26. a4 h6 27. b3
Na5 28. Kf2 g5 29. g3 gxf4 30. gxf4 a6 31. Kf3 Kf6 32. Rg2 Rh5 33. Kg4 Rd5 34.
Kh4 b5 35. axb5 axb5 36. Rg8 b4 37. cxb4 Rxd4 38. bxa5 Rxf4+ 39. Rg4 Rf3 40. Rb4
Rc3 41. a6 Rc8 42. a7 Ra8 43. Rb7 e5 44. b4 e4 45. b5 e3 46. Kg3 Re8 47. Rb8 Re5
48. a8=Q e2 49. Qf3+ Kg7 50. Qg4+ Kf6 51. Qf4+ Ke6 52. Re8+ 1-0

[Event "Airthings Masters - Torneo Preliminare"]
[Site "Internet"]
[Date "03.02.2023"]
[Round "5"]
[White "Lenderman, Aleksandr"]
[Black "Piorun, Kacper"]
[Result "1-0"]
[WhiteTitle ""]
[BlackTitle ""]
[WhiteElo "2572"]
[BlackElo "2609"]
[WhiteFideId "2021285"]
[BlackFideId "1130420"]
[EventDate "2023.02.03"]

1. Nf3 Nf6 2. c4 g6 3. Nc3 Bg7 4. e4 d6 5. d4 O-O 6. Be2 Bg4 7. Be3 Nfd7 8. Rc1
c5 9. d5 Na6 10. O-O Nc7 11. h3 Bxf3 12. Bxf3 e6 13. dxe6 Nxe6 14. Qxd6 Ne5 15.
Qxd8 Raxd8 16. Nd5 Nd3 17. Rc2 Nd4 18. Bxd4 Bxd4 19. Rd1 Ne5 20. Be2 Kg7 21. Bd3
Nxd3 22. Rxd3 Rfe8 23. Re2 f5 24. e5 Rxe5 25. Rxe5 Bxe5 26. Ra3 Rd7 27. Rxa7
Bxb2 28. a4 Kf7 29. a5 Ke6 30. f4 Bd4+ 31. Kf1 Kd6 32. Ra8 Kc6 33. Rb8 Rg7 34.
h4 h5 35. Ke2 Kd6 36. Kf3 Kc6 37. Ra8 Kd6 38. Ra7 Kc6 39. Ke2 Kd6 40. Ra8 Kc6
41. Kd3 Kd6 42. Rb8 Kc6 43. Kc2 Kd6 44. Kb3 Kc6 45. Ka4 Ba1 46. Rc8+ Kd6 47. Kb5
Bd4 48. Ra8 Ke6 49. Ra7 Rd7 50. Kb6 Bf2 51. Rxb7 Rd6+ 52. Kb5 Bxh4 53. a6 1-0

[Event "Airthings Masters - Torneo Preliminare"]
[Site "Internet"]
[Date "03.02.2023"]
[Round "5"]
[White "Iskusnyh, Sergei"]
[Black "Haub, Thorsten Michael"]
[Result "1/2-1/2"]
[WhiteTitle ""]
[BlackTitle ""]
[WhiteElo "2443"]
[BlackElo "2414"]
[WhiteFideId "4120027"]
[BlackFideId "4610776"]
[EventDate "2023.02.03"]

1. d4 g6 2. c4 Bg7 3. Nf3 d6 4. g3 f5 5. b4 Nf6 6. Bb2 O-O 7. Bg2 Ne4 8. O-O Nd7
9. Nbd2 c6 10. Nxe4 fxe4 11. Ng5 Nb6 12. Qb3 Kh8 13. Nxe4 Be6 14. d5 cxd5 15.
Ng5 Bg8 16. cxd5 Rf5 17. h4 Nxd5 18. Bxg7+ Kxg7 19. e4 Nf6 20. Qd3 Re5 21. a4
Qb6 22. a5 Qxb4 23. f4 Rc5 24. Rfb1 Qc4 25. Qxc4 Bxc4 26. Rxb7 h6 27. e5 hxg5
28. exf6+ Kxf6 29. hxg5+ Kf7 30. Re1 Be6 31. Be4 Rxa5 32. Bxg6+ Kxg6 33. Rxe6+
Kf5 34. Rbxe7 Kg4 35. g6 Rg8 36. g7 Kxg3 37. Rg6+ Kf3 38. Rf7 Ra1+ 39. Kh2 Ra2+
40. Kh3 Ra1 41. Rg3+ Kf2 42. Rg2+ Kf3 43. Rg3+ Kf2 44. Kh4 Rh1+ 45. Rh3 Rg1 46.
Rxa7 R1xg7 47. Rxg7 Rxg7 48. Rd3 Ke2 49. Rxd6 Kf3 50. f5 Kf4 51. Kh5 Kxf5 52.
Rd5+ Ke6 53. Rg5 Rxg5+ 54. Kxg5 1/2-1/2

[Event "Airthings Masters - Torneo Preliminare"]
[Site "Internet"]
[Date "03.02.2023"]
[Round "5"]
[White "Gadimbayli, Abdulla"]
[Black "Narayanan, Srinath"]
[Result "1/2-1/2"]
[WhiteTitle ""]
[BlackTitle ""]
[WhiteElo "2507"]
[BlackElo "2559"]
[WhiteFideId "13404938"]
[BlackFideId "5018420"]
[EventDate "2023.02.03"]

1. e4 c6 2. Nf3 d5 3. exd5 cxd5 4. Ne5 Nf6 5. d4 Nbd7 6. c3 g6 7. Nd2 Bg7 8.
Nxd7 Bxd7 9. Bd3 O-O 10. O-O Qc7 11. h3 e5 12. dxe5 Qxe5 13. Nf3 Qc7 14. Be3
Rfe8 15. Bd4 Qd6 16. Qb3 Bc6 17. Rad1 a6 18. c4 dxc4 19. Bxc4 Qc7 20. Bb6 Qe7
21. Ng5 Nd5 22. Rxd5 Bxd5 23. Bxd5 Qxg5 24. Bxf7+ Kh8 25. Bxe8 Rxe8 26. Rd1 Qf5
27. a4 h5 28. Be3 b5 29. axb5 axb5 30. Rd5 Qb1+ 31. Kh2 Qxb2 32. Qxb2 Bxb2 33.
Rxb5 Bf6 34. g4 hxg4 35. hxg4 Kg8 36. Kg3 Kf7 37. Rb7+ Re7 38. Rb1 Rc7 39. Rb5
Re7 40. Bf4 Rd7 41. f3 Re7 42. g5 Bg7 43. Kg4 Rd7 44. Bb8 Bc3 45. Rb3 Bg7 46. f4
Bh8 47. Rb6 Bd4 48. Rc6 Rb7 49. Be5 Bxe5 50. fxe5 Rb1 51. Rf6+ Kg7 52. Kf4 Re1
53. Ra6 Kf7 54. Rb6 Re2 55. Rb5 Ke6 56. Ra5 Re1 57. Ra6+ Kf7 58. Ra2 Ke6 59.
Ra6+ Kf7 1/2-1/2

[Event "Airthings Masters - Torneo Preliminare"]
[Site "Internet"]
[Date "03.02.2023"]
[Round "5"]
[White "Malakhov, Vladimir"]
[Black "Yoo, Christopher Woojin"]
[Result "1/2-1/2"]
[WhiteTitle ""]
[BlackTitle ""]
[WhiteElo "2650"]
[BlackElo "2589"]
[WhiteFideId "4120787"]
[BlackFideId "30909694"]
[EventDate "2023.02.03"]

1. e4 c5 2. Nf3 e6 3. c4 Nc6 4. d4 cxd4 5. Nxd4 Nf6 6. Nc3 Bb4 7. Nxc6 dxc6 8.
Qxd8+ Kxd8 9. e5 Nd7 10. Bf4 Bxc3+ 11. bxc3 b6 12. h4 c5 13. h5 Bb7 14. Rd1 Kc7
15. Rh3 Rad8 16. h6 gxh6 17. Rxh6 Be4 18. Rh4 Nb8 19. Rxd8 Rxd8 20. Bg5 Rg8 21.
Bf6 Bf5 22. f4 Rg3 23. Kd2 Nc6 24. Rh5 Rg4 25. Rh4 Rg3 26. Rh5 Na5 27. Bh4 Rg8
28. g3 Kd7 29. Be2 Ke8 30. Bg5 Bb1 31. a4 Ba2 32. Rxh7 Nxc4+ 33. Kc2 Nxe5 34.
Bb5+ Nd7 35. Bxd7+ Kxd7 36. Rxf7+ Kc6 37. Rxa7 Rh8 38. Bh4 Bc4 39. a5 bxa5 40.
Rxa5 Rh5 41. Ra4 Kb5 42. Ra8 Rd5 43. Rd8 Bd3+ 44. Kd2 Bf5+ 45. Ke3 Kc4 46. Rxd5
exd5 47. Bf6 Bg4 48. Be5 Kb3 49. Kd3 Bf5+ 50. Kd2 Kc4 51. Ke3 Bg4 52. Bg7 Kb3
53. Bf8 Kc4 54. Bg7 Kb3 55. Kd2 Kc4 56. Bf6 d4 57. cxd4 cxd4 58. Bg7 Kd5 59. Bf6
Ke4 60. Bg7 Bh5 61. Bf6 Bg4 62. Bg7 Bh5 63. Bf6 Bg4 1/2-1/2

[Event "Airthings Masters - Torneo Preliminare"]
[Site "Internet"]
[Date "03.02.2023"]
[Round "5"]
[White "Dominguez Perez, Leinier"]
[Black "Perez Ponsa, Federico"]
[Result "1-0"]
[WhiteTitle ""]
[BlackTitle ""]
[WhiteElo "2743"]
[BlackElo "2532"]
[WhiteFideId "3503240"]
[BlackFideId "117927"]
[EventDate "2023.02.03"]

1. e4 c5 2. Nf3 d6 3. d4 cxd4 4. Nxd4 Nf6 5. Nc3 a6 6. Be3 e5 7. Nb3 Be7 8. f3
Be6 9. Qd2 h5 10. Nd5 Nxd5 11. exd5 Bf5 12. Be2 Bh4+ 13. g3 Be7 14. O-O-O Nd7
15. Kb1 Rc8 16. Rc1 Nb6 17. Na5 Qc7 18. Ka1 Bd8 19. c4 Nxd5 20. Qxd5 Qxa5 21.
Qxb7 O-O 22. Rhd1 Bc7 23. Qd5 Qa4 24. Qd2 Rfd8 25. Bd3 Be6 26. Bc2 Qa5 27. Be4
Qxd2 28. Rxd2 Ba5 29. Rdc2 Rb8 30. Rd1 Kf8 31. b3 Bb4 32. Kb2 Ke7 33. Bd5 Bf5
34. Re2 f6 35. a3 Bc5 36. b4 a5 37. Bxc5 dxc5 38. b5 g5 39. Kc3 Rd6 40. Red2
Rbd8 41. Kb3 g4 42. f4 exf4 43. gxf4 Kf8 44. Re1 R8d7 45. Rde2 Kg7 46. Re7+ Kg6
47. Rxd7 Rxd7 48. Ka4 Ra7 49. b6 Bd7+ 50. Kb3 Ra6 51. b7 Rb6+ 52. Kc3 a4 53. Re7
Rb3+ 54. Kd2 Bf5 55. Re8 h4 56. b8=Q Rxb8 57. Rxb8 g3 58. hxg3 hxg3 59. Ke3 1-0

[Event "Airthings Masters - Torneo Preliminare"]
[Site "Internet"]
[Date "03.02.2023"]
[Round "5"]
[White "Mitrabha, Guha"]
[Black "Aronian, Levon"]
[Result "1-0"]
[WhiteTitle ""]
[BlackTitle ""]
[WhiteElo "2510"]
[BlackElo "2736"]
[WhiteFideId "5057000"]
[BlackFideId "13300474"]
[EventDate "2023.02.03"]

1. d4 d5 2. Nf3 Nf6 3. c4 dxc4 4. e3 e6 5. Bxc4 c5 6. O-O a6 7. dxc5 Bxc5 8.
Qxd8+ Kxd8 9. Be2 Ke7 10. Nbd2 Bd7 11. Nb3 Bd6 12. Na5 Ra7 13. Rd1 Bb5 14. Nc4
Bxc4 15. Bxc4 Rc8 16. Be2 Nc6 17. b3 Ne5 18. Nxe5 Bxe5 19. Ba3+ Ke8 20. Rac1
Rxc1 21. Rxc1 Kd7 22. Bf3 Nd5 23. Bxd5 exd5 24. Rc5 Ke6 25. Rc8 a5 26. Re8+ Kf6
27. Be7+ Kf5 28. g4+ Kxg4 29. Bc5 b6 30. Bxb6 Ra6 31. Rxe5 Rxb6 32. Rxd5 Kf3 33.
Rxa5 g6 34. Ra4 g5 35. Ra5 f6 36. h4 h6 37. hxg5 hxg5 38. Rf5+ Ke4 39. Rc5 Ra6
40. a4 Rb6 41. Rc3 Kf3 42. Kf1 f5 43. Rc5 Kg4 44. Rb5 Rc6 45. Kg2 f4 46. exf4
gxf4 47. Rb4 Ra6 48. f3+ Kg5 49. Kf2 Rd6 50. Ke2 Rh6 51. a5 Rh2+ 52. Kd3 Rf2 53.
Ke4 Re2+ 54. Kd5 Rd2+ 55. Kc6 Rc2+ 56. Kb7 1-0

[Event "Airthings Masters - Torneo Preliminare"]
[Site "Internet"]
[Date "03.02.2023"]
[Round "5"]
[White "Praggnanandhaa, R"]
[Black "Salem, A.R. Saleh"]
[Result "1-0"]
[WhiteTitle ""]
[BlackTitle ""]
[WhiteElo "2690"]
[BlackElo "2677"]
[WhiteFideId "25059530"]
[BlackFideId "9301348"]
[EventDate "2023.02.03"]

1. e4 e5 2. Nf3 Nc6 3. Bb5 a6 4. Ba4 Nf6 5. O-O Be7 6. Re1 b5 7. Bb3 O-O 8. d3
d6 9. Bd2 h6 10. h3 Re8 11. a3 Bf8 12. Nc3 Rb8 13. Nd5 Nxd5 14. Bxd5 Ne7 15. Bb3
Ng6 16. a4 Be6 17. Bxe6 Rxe6 18. axb5 axb5 19. Ra7 Ra8 20. Qa1 Re8 21. Qa5 c5
22. Ra1 Rxa7 23. Qxa7 b4 24. Be3 Qc8 25. Nd2 f5 26. Qa2+ Kh7 27. exf5 Qxf5 28.
Qd5 Qe6 29. Qxe6 Rxe6 30. Ne4 d5 31. Nxc5 Rc6 32. Ra6 Rc7 33. Ne6 Rxc2 34. h4
Be7 35. h5 Nf8 36. d4 Nxe6 37. Rxe6 exd4 38. Bxd4 Bf6 39. Bxf6 gxf6 40. Rd6 Rxb2
41. Rxd5 b3 42. Rb5 Rb1+ 43. Kh2 b2 44. Rb7+ Kg8 45. g4 Kf8 46. Kg2 Ke8 47. Kf3
Kd8 48. Kf4 Kc8 49. Rb3 Kd7 50. Kf5 Kd6 51. Kxf6 Kd5 52. Rb8 Ke4 53. Kg6 Kf4 54.
Rb4+ Kf3 55. Kxh6 Kxf2 56. g5 Ke2 57. g6 Kd3 58. g7 1-0

[Event "Airthings Masters - Torneo Preliminare"]
[Site "Internet"]
[Date "03.02.2023"]
[Round "5"]
[White "Fedoseev, Vladimir3"]
[Black "Kevlishvili, Robby"]
[Result "0-1"]
[WhiteTitle ""]
[BlackTitle ""]
[WhiteElo "2674"]
[BlackElo "2537"]
[WhiteFideId "24130737"]
[BlackFideId "1040634"]
[EventDate "2023.02.03"]

1. e4 c5 2. Nf3 d6 3. d4 cxd4 4. Nxd4 Nf6 5. Bd3 Nc6 6. Nxc6 bxc6 7. O-O g6 8.
Qe2 Bg7 9. e5 Nd5 10. exd6 Qxd6 11. Re1 O-O 12. Na3 Nf4 13. Bxf4 Qxf4 14. c3 Rb8
15. Rad1 Bg4 16. f3 Be6 17. Bc4 Bxc4 18. Nxc4 Rb5 19. g3 Qf5 20. Qe4 Qxe4 21.
Rxe4 Rd5 22. Rde1 e6 23. Kf2 Rfd8 24. Ke2 h5 25. f4 Bf8 26. a4 Bc5 27. Re5 Kg7
28. Rc1 Be7 29. h4 Bf6 30. Re4 Rd3 31. Re3 R3d5 32. Rc2 Rd1 33. Rd2 R8xd2+ 34.
Nxd2 Ra1 35. b3 Kf8 36. Kd3 Ke8 37. Kc4 Rd1 38. Ne4 Be7 39. Rd3 Rxd3 40. Kxd3 f5
41. Nd2 Bc5 42. Ke2 Be7 43. Nc4 Bf6 44. Kd3 Kd7 45. b4 Bg7 46. Ne5+ Kd6 47. Nxg6
Bf6 48. c4 a6 49. a5 Bb2 50. Ne5 Ba3 51. Kc3 Bc1 52. c5+ Kd5 53. Nc4 e5 54. Nxe5
Be3 55. Kd3 Bf2 56. Ke2 Bxg3 57. Ng6 Kc4 58. Kf3 Be1 59. Ne7 Kxb4 60. Nxf5 Kxc5
61. Ke4 Bxa5 62. Nd4 Bc3 63. Ne2 Bf6 64. Ng3 Bxh4 65. Nxh5 a5 66. Kd3 Kb4 67. f5
Kb3 68. f6 a4 69. f7 Be7 70. Ng3 a3 71. Nf5 Bf8 72. Nd4+ Kb2 73. Ne6 a2 74. Nxf8
a1=Q 0-1